00654nam a22001815i 4500001000700000003000900007005001700016008004100033040003000074100005000104245009200154250003400246260006600280300002000346510002000366650003500386852005100421162113ES-MaACL20251005063127.0990414m19001901sp |||| | spa d aCCPB | B bspa cCCPB | B1 aPiernas y Hurtado, José Manuel, d1843-191110aTratado de hacienda pública y examen de la española / cpor José Piernas Hurtado. a5ª ed. refundida nuevamente. aMadrid : bLibrería de D. Victoriano Suárez, c1900-1901. a2 v. ; c22 cm.4 aPalau, c22559004aHacienda pública-zEspaña. aES-MaACLjF-3436-37 z-- Enc. pasta española